000 00314nam a2200121Ia 4500
008 240731s9999 xx 000 0 und d
022 _a2376-4538
245 0 _aJournal of Energy & Natural Resources Law
260 _bRoutledge
856 _uhttps://www.tandfonline.com/loi/rnrl20
942 _2ddc
942 _cTFEJ
999 _c77677
_d77677
945 _a1
_bMadushi Gamage
_c1
_dMadushi Gamage